<?xml version="1.0" encoding="UTF-8"?>
<record
    xmlns:xsi="http://www.w3.org/2001/XMLSchema-instance"
    xsi:schemaLocation="http://www.loc.gov/MARC21/slim http://www.loc.gov/standards/marcxml/schema/MARC21slim.xsd"
    xmlns="http://www.loc.gov/MARC21/slim">

  <leader>01003nam a22001577a 4500</leader>
  <datafield tag="999" ind1=" " ind2=" ">
    <subfield code="c">521266</subfield>
    <subfield code="d">521266</subfield>
  </datafield>
  <controlfield tag="008">221228b           ||||| |||| 00| 0 eng d</controlfield>
  <datafield tag="100" ind1=" " ind2=" ">
    <subfield code="a">Goodsell, Charles True </subfield>
    <subfield code="9">36456</subfield>
  </datafield>
  <datafield tag="245" ind1=" " ind2=" ">
    <subfield code="a">Strengthening American democracy through public administration</subfield>
  </datafield>
  <datafield tag="260" ind1=" " ind2=" ">
    <subfield code="a">American Review of Public Administration  </subfield>
  </datafield>
  <datafield tag="300" ind1=" " ind2=" ">
    <subfield code="a">52(6), Aug, 2022: p.403-408</subfield>
  </datafield>
  <datafield tag="520" ind1=" " ind2=" ">
    <subfield code="a">America's precious democratic form of government is under severe threat. An attempt to sabotage the fair election of a new president has been committed and could easily be reattempted. Meanwhile, a war is being fought that clarifies a global struggle between autocracy and democracy. Despite our field's reputation for political neutrality, its institutions can be used to strengthen our democracy against its opponents. &#x2013; Reproduced </subfield>
  </datafield>
  <datafield tag="650" ind1=" " ind2=" ">
    <subfield code="a">Administration, Democracy, Administrative agencies, election security. </subfield>
    <subfield code="9">34931</subfield>
  </datafield>
  <datafield tag="773" ind1=" " ind2=" ">
    <subfield code="a">American Review of Public Administration  </subfield>
  </datafield>
  <datafield tag="906" ind1=" " ind2=" ">
    <subfield code="a">PUBLIC ADMINISTRATION</subfield>
  </datafield>
  <datafield tag="942" ind1=" " ind2=" ">
    <subfield code="c">AR</subfield>
  </datafield>
  <datafield tag="952" ind1=" " ind2=" ">
    <subfield code="0">0</subfield>
    <subfield code="1">0</subfield>
    <subfield code="2">ddc</subfield>
    <subfield code="4">0</subfield>
    <subfield code="7">0</subfield>
    <subfield code="9">395322</subfield>
    <subfield code="a">IIPA</subfield>
    <subfield code="b">IIPA</subfield>
    <subfield code="d">2022-12-28</subfield>
    <subfield code="h">52(6), Aug, 2022: p.403-408</subfield>
    <subfield code="p">AR127793</subfield>
    <subfield code="r">2022-12-28</subfield>
    <subfield code="y">AR</subfield>
  </datafield>
</record>
